00748nam a2200181 a 450000100100000000500170001000800410002702000150006804000250008310000360010824500870014426000980023130000210032950000210035050000730037195201050044499900170054900003756420200930080436.0120501s1987 dr 000 0 spa d a8400066499 aDO-SdBNPbspacBNPHU1 aAguilar Piñal, Aguilar96401813aUn escritor ilustrado :bCándido María Trigueros /cFrancisco Aguilar Piñal. aMadrid :bConsejo Superior de Investigaciones Científicas, Instituto de Filología,c1987. a370 p. ;c25 cm. aIncluye índice aIncluye referencias bibliográficas y notas al pie de las páginas 0010718PDaGRbGRcCTd2012-05-01iLF1l0o p37564-10r2020-06-25w2020-06-25yLFPDZNo se presta c37054d37054